| 000 | 01106nam a22002537a 4500 | ||
|---|---|---|---|
| 005 | 20170124103047.0 | ||
| 010 | _aA-595186 | ||
| 020 | _c60.00 | ||
| 035 | _aA-595186 | ||
| 037 | _bCen Lib/Ret | ||
| 040 |
_aDPL _bHN |
||
| 082 |
_aउ _bशर्माश्री |
||
| 100 |
_aशर्मा, श्रीराम _969351 |
||
| 245 |
_aदिशा बोध : _cश्रीराम शर्मा _bसामाजिक उपन्यास / |
||
| 246 |
_aDisha bodh : samajik upanyas / _bby Shreeram Sharma |
||
| 260 |
_a दिल्ली _bसंगीता प्रकाशन _c1992 |
||
| 270 |
_a30/६४ गली न.8, विशवास नगर, शाहदरा _b दिल्ली _e110032 |
||
| 300 |
_a186पृ. _c16सेमी (सजिल्द ) |
||
| 650 |
_aहिंदी साहित्य _x _z _969352 |
||
| 650 |
_aहिंदी साहित्य _v _xउपन्यास _969353 |
||
| 650 |
_aHindi literature _969354 |
||
| 650 |
_aHindi literature _xfiction _969355 |
||
| 942 |
_2ddc _cHN _hउ _mशर्माश्री |
||
| 999 |
_c116977 _d116977 |
||